Horticulture / (Record no. 143414)

MARC details
000 -LEADER
fixed length control field 00593nam a22001937a 4500
005 - DATE AND TIME OF LATEST TRANSACTION
control field 20170816144526.0
010 ## - LCCN (DPL NO)
LC control number ENG-119818
020 ## - INTERNATIONAL STANDARD BOOK NUMBER
International Standard Book Number 9788189941499
Terms of availability 160.00
035 ## - SYSTEM CONTROL NUMBER
System control number EN-103350
037 ## - SOURCE OF ACQUISITION
Source of stock number/acquisition DBAD/PUB
082 ## - DEWEY DECIMAL CLASSIFICATION NUMBER
Classification number 630
100 ## - MAIN ENTRY--PERSONAL NAME
Personal name Kumaresan, V.
245 ## - TITLE STATEMENT
Title Horticulture /
Statement of responsibility, etc by V.Kumaresan
260 ## - PUBLICATION, DISTRIBUTION, ETC. (IMPRINT)
Place of publication, distribution, etc Kanyakumari Dist.
Name of publisher, distributor, etc Saras Publication
Date of publication, distribution, etc 2009
270 ## - ADDRESS
Address 114/35G A.R.P. Camp Road, Periavilai,Kottar P.O., Nagercoil
City Kanyakumari Dist.
Postal code 629002
300 ## - PHYSICAL DESCRIPTION
Extent x,351p.:
Dimensions 22cm(pbk)
Other physical details ill.
500 ## - GENERAL NOTE
General note Includes index
942 ## - ADDED ENTRY ELEMENTS (KOHA)
Source of classification or shelving scheme Dewey Decimal Classification
Item type English Books
Classification part 630
Call number suffix KUM
Holdings
Withdrawn status Lost status Not for loan Collection code Home library Current library Date acquired Source of acquisition Cost, normal purchase price Full call number Barcode Copy number Cost, replacement price Koha item type
    Not For Loan Non-fiction D.B.Act.Division D.B.Act.Division 16/08/2017 DBAD/PUB 160.00 630 KUM EN-103350 1 160.00 English Books

© Delhi Public Library
Hit Counter
free hit counter